Catalysts of world evangelization / (Record no. 851)

MARC details
000 -LEADER
fixed length control field 01001cam a2200289 a 4500
001 - CONTROL NUMBER
control field 9760181
003 - CONTROL NUMBER IDENTIFIER
control field GBCCL
005 - DATE AND TIME OF LATEST TRANSACTION
control field 20241126110347.0
008 - FIXED-LENGTH DATA ELEMENTS--GENERAL INFORMATION
fixed length control field 110418s2006 ii ab g b 001 0 eng d
035 ## - SYSTEM CONTROL NUMBER
System control number (OCoLC)ocn776071945
035 ## - SYSTEM CONTROL NUMBER
System control number 9760181
040 ## - CATALOGING SOURCE
Original cataloging agency IiNdDKA
Language of cataloging eng
Transcribing agency IiNdDKA
Modifying agency CtY-D
050 #4 -
-- BV3790
-- .B87 2006
082 04 - DEWEY DECIMAL CLASSIFICATION NUMBER
Classification number 269.2
Edition information 22
Item number BUS
100 1# - MAIN ENTRY--PERSONAL NAME
Personal name Bush, Luis.
9 (RLIN) 1303
245 10 - TITLE STATEMENT
Title Catalysts of world evangelization /
Statement of responsibility, etc. by Luis Keith Bush.
250 ## - EDITION STATEMENT
Edition statement 1st ed.
260 ## - PUBLICATION, DISTRIBUTION, ETC.
Place of publication, distribution, etc. Bangalore :
Name of publisher, distributor, etc. Centre for Contemporary Christianity,
Date of publication, distribution, etc. 2006.
300 ## - PHYSICAL DESCRIPTION
Extent xxvi, 293 p. :
Other physical details ill., map ;
Dimensions 23 cm.
490 1# - SERIES STATEMENT
Series statement CFCC missiological classics series ;
Volume/sequential designation no. 4
500 ## - GENERAL NOTE
General note Originally presented as the author's thesis (Ph. D.)--Fuller Theological Seminary, 2002.
504 ## - BIBLIOGRAPHY, ETC. NOTE
Bibliography, etc. note Includes bibliographical references (p. [670]-707) and indexes.
650 #0 - SUBJECT ADDED ENTRY--TOPICAL TERM
Topical term or geographic name entry element Evangelistic work.
9 (RLIN) 290
650 #0 - SUBJECT ADDED ENTRY--TOPICAL TERM
Topical term or geographic name entry element Missions.
9 (RLIN) 885
830 #0 -
-- CFCC missiological classics series ;
-- 4.
-- 1304
942 ## - ADDED ENTRY ELEMENTS (KOHA)
Source of classification or shelving scheme Dewey Decimal Classification
Koha item type Books
Holdings
Withdrawn status Lost status Source of classification or shelving scheme Damaged status Not for loan Home library Current Library Shelving location Date acquired Total checkouts Full call number Barcode Date last seen Copy number Price effective from Koha item type Date last checked out
    Dewey Decimal Classification     GRACE BIBLE COLLEGE GRACE BIBLE COLLEGE Ministry & Mission 2017-03-21   269.2 BUS 014172 2025-05-01 c.2 2017-03-21 Books  
    Dewey Decimal Classification     GRACE BIBLE COLLEGE GRACE BIBLE COLLEGE Ministry & Mission 2017-03-21 1 269.2 BUS 014175 2026-02-25 c.3 2017-03-21 Books 2026-02-19
    Dewey Decimal Classification     GRACE BIBLE COLLEGE GRACE BIBLE COLLEGE Ministry & Mission 2017-05-25   269.2 BUS 010269 2025-05-01 c.1 2017-05-25 Books  
© Grace Bible College Library 2025